000 00299nam a2200121Ia 4500
005 20260328104251.0
008 260328s9999||||xx |||||||||||||| ||und||
100 _aPålsson, Karsten
245 0 _aPalsson Arkitekter 25 /
_cKarsten Pålsson
300 _a191 p.
650 _aARQUITECTOS
942 _cBK
999 _c10233
_d10233